000 00618nam a2200205Ia 4500
003 IN-BaIIA
008 211028s9999 xx 000 0 eng d
020 _a0-12-003810-2
040 _cIIA Library
080 _a047.1:539.18
_bADV-10
245 0 _aAdvances in atomic and molecular physics
_bvol. 10
_cedited by D. R. Bates and Immanuel Estermann
260 _aNew York
_bAcademic Press
_c1974
300 _axi, 347p.
650 _a Atomic physics 
650 _a Molecular physics
650 _aNASA Thesaurus 
700 _aBates, D. R., ed.
_93365
700 _aEstermann, Immanuel., ed.
_97865
942 _cBK
999 _c4755
_d4755